Statistics for Top 10 Most Spoken Languages in Italy

Click here to take the quiz!

General Stats

  • This quiz has been taken 508 times
  • The average score is 7 of 11

Answer Stats

Speakers%Language% Correct
57,700,00095Italian
100%
116,2870.19French
92%
255,0000.50Spanish
85%
500,0000.90Arabic
73%
380,9610.67Albanian
64%
800,0002Romanian
64%
130,7910.21Russian
63%
160,0000.26Chinese
60%
93,2890.15Serbo-Croatian
58%
119,8830.19Ukrainian
36%
92,8470.15Macedonian
13%

Score Distribution

Percentile by Number Answered

Percent of People with Each Score

Your Score History

You have not taken this quiz